|
|
|
|
| LEADER |
01315nam a2200313 a 4500 |
| 001 |
15623694 |
| 008 |
120717s2011 nyua b 001 0 eng d |
| 010 |
|
|
|a 2009004897
|
| 020 |
|
|
|a 9781107609822
|
| 020 |
|
|
|a 9780521760126 (hbk. : alk. paper)
|
| 020 |
|
|
|a 0521760127 (hbk. : alk. paper)
|
| 020 |
|
|
|a 9780521756846 (pbk. : alk. paper)
|
| 020 |
|
|
|a 0521756847 (pbk. : alk. paper)
|
| 040 |
|
|
|a DLC
|c DLC
|d BTCTA
|d CDX
|d YDXCP
|d NLE
|d SINIE
|d DLC
|d BD-DhAAL
|
| 082 |
0 |
0 |
|a 418.0071/1
|2 22
|
| 245 |
0 |
4 |
|a The Cambridge guide to second language teacher education /
|c edited by Anne Burns, Jack C. Richards.
|
| 246 |
3 |
0 |
|a Second language teacher education
|
| 260 |
|
|
|a New York :
|b Cambridge University Press,
|c 2011.
|
| 300 |
|
|
|a vii, 325 p. :
|b ill. ;
|c 26 cm.
|
| 504 |
|
|
|a Includes bibliographical references and index.
|
| 541 |
|
|
|a 00025587
|
| 650 |
|
0 |
|a Language teachers
|x Training of.
|
| 650 |
|
0 |
|a Language and languages
|x Study and teaching.
|
| 650 |
|
0 |
|a Second language acquisition.
|
| 700 |
1 |
|
|a Burns, Anne,
|d 1945-
|
| 700 |
1 |
|
|a Richards, Jack C.
|
| 852 |
1 |
|
|a Ayesha Abed Library
|j General shelf
|
| 999 |
|
|
|c 12584
|d 12584
|
| 952 |
|
|
|0 0
|1 0
|4 0
|6 418_007110000000000_CAM
|7 0
|9 20774
|a BRACUL
|b BRACUL
|c GEN
|d 2012-07-19
|e Riza Enterprize
|g 697.00
|l 6
|m 29
|o 418.00711 CAM
|p 3010025587
|r 2022-12-28
|s 2022-09-01
|t 1
|w 2012-07-19
|y BK
|